| 000 | 00826nam a2200253 i 4500 | ||
|---|---|---|---|
| 001 | 187574 | ||
| 003 | ES-MaACL | ||
| 005 | 20240312161103.0 | ||
| 008 | 171129s1991 sp f |||| |dspa d | ||
| 020 | _a84-7825-046-8 | ||
| 080 | _a929 Juan Pablo I, Papa | ||
| 100 | 1 |
_aLópez Saez, Jesús. _9163863 |
|
| 245 | 1 | 0 |
_aSe pedirá cuenta _b(muerte y figura de Juan Pablo I) / _cJesús López Saez. |
| 250 | _a2ª ed. | ||
| 260 |
_aMadrid : _bOrígenes, _c1991. |
||
| 300 |
_a143 p., [16] p. de lám. ; _c21 cm. |
||
| 490 | 1 | _aTratados de testimonio | |
| 504 | _aBibliografía: p. 143. | ||
| 600 | 0 | 4 |
_aJuan Pablo _bI, _cPapa _967129 |
| 830 | 0 |
_aTratados de testimonio _9192807 |
|
| 852 |
_aES-MaACL _jA-14101 _9194660 _bR.151462 _cDEPO1 _dOlim: N-7101 |
||
| 942 |
_2udc _cMONOGRAFIA |
||
| 999 |
_c187574 _d187574 |
||